01343nab a22002177a 4500003000400000005001700004008004100021040000700062100002000069245018600089260004200275300001200317500003600329505045400365505008900819650002100908650001700929650003400946650003100980773011401011OSt20260223133544.0190506c xxu||||| |||| 00| 0 spa d cPJ aGarcía, Nadia13a¿Retiro transitorio por invalidez y cese definitivo? :balgunas reflexiones sobre la necesidad de armonizar el art. 212 de la LCT con el art. 49 de la ley 24.241 /cNadia García. aBuenos Aires :bAbeledoPerrot,c2024. ap. 3-11 aCita: TR LALEY AR/DOC/838/2024. aSumario: I. Introducción.— II. El Retiro por Invalidez: Requisitos.— III. El porcentaje de incapacidad exigido para el retiro por invalidez.— IV. La indemnización del art. 212 de la LCT y su naturaleza jurídica.— V. El porcentaje de incapacidad en el fuero Federal de la Seguridad Social y su impacto en la Justicia Nacional del Trabajo.— VI. Transitoriedad del retiro por invalidez vs. Cese definitivo laboral.— VII. Conclusiones. t¿Te interesa el texto completo? Comunicate al correo: koha@justierradelfuego.gov.ar 0aSEGURIDAD SOCIAL 0aJUBILACIONES 0aSITUACIÓN DE VULNERABILIDAD 0aJUBILACIÓN POR INVALIDEZ0 02751dBuenos Aires : AbeledoPerrot, 2013-tRevista de derecho laboral y seguridad social. Nº 10 - Mayo 2024